FMB state of trade survey (Record no. 107865)

MARC details
000 -LEADER
fixed length control field 01443cad a22002415a 4500
001 - CONTROL NUMBER
control field L142310
008 - FIXED-LENGTH DATA ELEMENTS--GENERAL INFORMATION
fixed length control field 080204s2007 xxk f 000 0 eng d
035 ## - SYSTEM CONTROL NUMBER
System control number (Sirsi) u142310
041 0# - LANGUAGE CODE
Language code of text/sound track or separate title eng
050 04 - LIBRARY OF CONGRESS CALL NUMBER
Classification number 338.4569 $2 18
110 2# - MAIN ENTRY--CORPORATE NAME
Corporate name or jurisdiction name as entry element Federation of Master Builders
9 (RLIN) 465
245 00 - TITLE STATEMENT
Title FMB state of trade survey
Remainder of title first quarter of 2007
-- key findings
Medium [electronic resource]
260 ## - PUBLICATION, DISTRIBUTION, ETC.
Place of publication, distribution, etc. [S.l.]
Name of publisher, distributor, etc. FMB
Date of publication, distribution, etc. 2007
490 #0 - SERIES STATEMENT
Series statement FMB State of Trade Survey
Volume/sequential designation First Quarter 2007
520 ## - SUMMARY, ETC.
Summary, etc. Reveals the start of a recovery in workload for small and medium sized firms, with stronger results in the first quarter of 2007 compared to those in 2006. However, the results are still not in line with recent years and there was a small drop in the proportion of firms reporting problems with the availability of skilled labour, suggesting that builders and contractors are not expecting a marked increase in workload. The results for new build and repair, maintenance and improvement of private housing were stronger than those for new build and refurbishment of non-residential buildings for public sector clients.
521 2# - TARGET AUDIENCE NOTE
Target audience note Advanced
590 ## - LOCAL NOTE (RLIN)
Local note KA
650 24 - SUBJECT ADDED ENTRY--TOPICAL TERM
Topical term or geographic name entry element FEDERATION OF MASTER BUILDERS STATE OF TRADE SURVEY
651 #4 - SUBJECT ADDED ENTRY--GEOGRAPHIC NAME
Geographic name United Kingdom
Chronological subdivision
690 ## - LOCAL SUBJECT ADDED ENTRY--TOPICAL TERM (OCLC, RLIN)
Topical term or geographic name as entry element BUILT ENVIRONMENT-CONSTRUCTION MARKET
856 40 - ELECTRONIC LOCATION AND ACCESS
Uniform Resource Identifier <a href="https://www.fmb.org.uk/publications/sotsurvey/index_2007.asp">https://www.fmb.org.uk/publications/sotsurvey/index_2007.asp</a>
Public note View the item free of charge at www.fmb.org.uk...
942 ## - ADDED ENTRY ELEMENTS (KOHA)
Suppress in OPAC 0
Holdings
Withdrawn status Lost status Source of classification or shelving scheme Damaged status Not for loan Home library Current library Shelving location Date acquired Total Checkouts Full call number Barcode Date last seen Copy number Price effective from Koha item type
    Dewey Decimal Classification     Virtual Virtual Online 04/02/2008   ONLINE PUBLICATION 142310-2001 06/08/2019 1 06/08/2019 Book